Popularne marki alkoholi - Statystyki

Ogólne statystyki
  • Ten quiz został rozwiązany 304 razy
  • Średni wynik to 7 z 24
Statystyki odpowiedzi
Marki % Poprawnych
Soplica
74%
Żubrówka
74%
Jack Daniels
64%
Finlandia
60%
Pan Tadeusz
60%
Stock
60%
Bocian
57%
Adam Mickiewicz
43%
Żołądkowa
37%
Bols
26%
Krupnik
23%
Ogiński
21%
Martini
19%
Stumbras
17%
Amarena
16%
Belvedere
12%
Luksusowa
12%
Ostoya
11%
Malibu
9%
Sobieski
9%
Wataha
5%
Bjorn
2%
Orkiszowa
1%
Aperitivo
0%
Nie znaleziono quizów pasujących do podanych kryteriów
Rozkład punktacji
Procent ludzi z każdym wynikiem
Percentyl według liczby udzielonych odpowiedzi
Twoja historia wyników
Nie rozwiązałeś tego quizu